000 00624nam a2200229Ia 4500
003 OSt
005 20220924121234.0
006 a|||||r|||| 00| 0
007 ta
008 220923b |||||||| |||| 00| 0 urd d
024 _a313029
037 _cTextual
040 _aARTS
_cARTS
_burd
041 _2urd
_aurd
082 _aO168,1M31x, H9
100 _aNoori Nurullah Mohammad
_9184899
245 0 _aMuntakhib Rubayat
260 _aHyderabad
_bAziz Noori India
_c1949
650 _aURDU POETRY
942 _hO168,1M31x, H9
_cTEXL
_2CC
999 _c406528
_d406528